000 00305nam a22001337a 4500
008 170321b xxu||||| |||| 00| 0 eng d
020 _a0721624278
041 _aeng
080 _23 ED
_a616.12 -008-073
100 _a7
101 _aSHM
245 _aTHE CARDIAC RHYTHMS
_cPHILLIPS.R.E
942 _2udc
_cBK
999 _c8289
_d8289